LEADER 01697nam 2200433 450 001 9910818307003321 005 20230124180901.0 010 $a9781911067610$b(electronic bk.) 010 $z9781911067603 035 $a(MiAaPQ)EBC6844959 035 $a(Au-PeEL)EBL6844959 035 $a(CKB)20461914300041 035 $a(EXLCZ)9920461914300041 100 $a20220602d2017 uy 0 101 0 $aeng 135 $aurcnu|||||||| 181 $ctxt$2rdacontent 182 $cc$2rdamedia 183 $acr$2rdacarrier 200 10$aSTEM careers $ea student's guide to opportunities in science, technology, engineering and maths /$fPaul Greer 210 1$aBath, England :$cTrotman Publishing,$d[2017] 210 4$dİ2017 215 $a1 online resource (146 pages) 311 08$aPrint version: Greer, Paul STEM Careers Bath : Trotman Publishing,c2017 9781911067603 330 $aAn array of exciting career paths is open to those with STEM-based qualifications. Currently, there is a national shortage of STEM skills within the UK workforce. This guide offers advice and labour market information on STEM opportunities - with a wealth of potential job ideas and entry routes at all levels. 606 $aScience$xVocational guidance 606 $aTechnology$xVocational guidance 606 $aEngineering$xVocational guidance 615 0$aScience$xVocational guidance. 615 0$aTechnology$xVocational guidance. 615 0$aEngineering$xVocational guidance. 676 $a502.3 700 $aGreer$b Paul$01707854 801 0$bMiAaPQ 801 1$bMiAaPQ 801 2$bMiAaPQ 912 $a9910818307003321 996 $aSTEM careers$94096380 997 $aUNINA